000 00586nam a2200205Ii 4500
001 2591
003 CO-ViMGA
008 241108s9999||||xx |||||||||||||| ||und||
040 _aCO-ViMGA
_bspa
_erda
_cCO-ViMGA
041 0 _aspa
082 0 4 _aFA 861.6 - Q83m
100 1 _aGiovanni Quessep
_947385
245 1 0 _aMuerte de Merlín
264 1 _aBogotá, Colombia : Instituto Caro y Cuervo, 1985
300 _avolumen
336 _atext
_btxt
_2rdacontent
337 _aunmediated
_bn
_2rdamedia
338 _avolume
_bnc
_2rdacarrier
940 _aidficha_siabuc: 2534. -- ficha_no_siabuc:2591
999 _c41969
_d41969